000 01168cam a2200349 a 4500
003 OSt
005 20140310184525.0
008 900327s1990 nyuab j 001 0 eng
010 _a 90033844
020 _a0688063403 :
_c$13.95
020 _a0688063411 (lib. bdg.)
040 _aDLC
_cDLC
_dDLC
042 _alcac
050 0 0 _aHQ 755.85
_b.M66 1994
100 1 _aMorris, Ann.
_d1930-
_930185
245 1 0 _aLoving /
_cAnn Morris ; photographs by Ken Heyman.
250 _a1st ed.
260 _aNew York :
_bLothrop, Lee & Shepard Books,
_c1994.
300 _a29 p. :
_bcol. ill., map ;
_c21 cm.
500 _aIncludes index.
521 _aG2
526 _c450
650 0 _aParent and child
_xJuvenile literature.
_930186
650 0 _aLove
_xJuvenile literature.
_930187
650 1 _aLove.
_930188
650 1 _aParent and child.
_930189
700 1 _aHeyman, Ken,
_eill.
_930190
906 _a7
_bcbc
_corignew
_d1
_eocip
_f19
_gy-gencatlg
942 _2lcc
_cBK-SCHOLAS
999 _c35116
_d35116